Treasury's Twist to Tax Data : Withheld Treasury Tax Data Reveal Tax Tilt Myth /

Bibliographic Details
Corporate Authors: ProQuest (Firm), United States. Congress. Joint Economic Committee
Format: eBook
Language:English
Published: Washington : U.S. G.P.O., 1997.
Series:U.S. Congressional Research.
Subjects:
Online Access:Connect to the full text of this electronic book

MARC

Tag First Indicator Second Indicator Subfields
LEADER 00000cam a22000001a 4500
001 in00003276313
006 m d f
007 cr bn mmmapmmp
008 101011s1997 dcu o f000 0 eng d
005 20260430161618.0
035 |a cis2007818587 
040 |a LexisNexis  |c LexisNexis  |d UtOrBLW 
043 |a n-us--- 
099 |a CMP-1997-ECJ-0007 
245 0 0 |a Treasury's Twist to Tax Data :  |b Withheld Treasury Tax Data Reveal Tax Tilt Myth /  |c United States Joint Economic Committee, One Hundred Fifth Congress, first session. 
264 1 |a Washington :  |b U.S. G.P.O.,  |c 1997. 
300 |a 1 online resource. 
336 |a text  |b txt  |2 rdacontent 
337 |a computer  |b c  |2 rdamedia 
338 |a online resource  |b cr  |2 rdacarrier 
500 |a Record is based on bibliographic data in LexisNexis U.S. Congressional Research Digital Collection. Reuse except for individual research requires license from LexisNexis. 
500 |a Electronic resource. 
610 1 0 |a United States.  |b Department of the Treasury. 
650 0 |a Taxation  |z United States  |x Law and legislation. 
655 7 |a Electronic books.  |2 local 
710 2 |a ProQuest (Firm) 
710 1 |a United States.  |b Congress.  |b Joint Economic Committee. 
776 0 8 |i Print version:   |t Treasury's Twist to Tax Data: Withheld Treasury Tax Data Reveal Tax Tilt Myth 
776 0 8 |i Microfiche version:   |t Treasury's Twist to Tax Data: Withheld Treasury Tax Data Reveal Tax Tilt Myth.   |d [Bethesda, Md.] :LexisNexis Academic & Library Solutions,1998.   |o CIS 98 J842-25  |w (LexisNexis)cis09801302 
830 0 |a U.S. Congressional Research. 
856 4 0 |u http://proxy.library.tamu.edu/login?url=https://congressional.proquest.com/congcomp/getdoc?CRDC-ID=CMP-1997-ECJ-0007  |z Connect to the full text of this electronic book  |t 0 
998 |a cis09801302 
999 |a MARS 
999 f f |s 8df5a4a6-044e-34b8-ae9d-c3a827a16da0  |i 70c962a6-3e86-3347-bfc8-df5945e8a5ab  |t 0 
952 f f |a Texas A&M University  |b College Station  |c Electronic Resources  |s www_evans  |d Available Online  |t 0  |e CMP-1997-ECJ-0007  |h Other scheme 
998 f f |a CMP-1997-ECJ-0007  |t 0  |l Available Online